000 00501nam a2200181 i 4500
001 24821
003 ES-MaACL
005 20250820150718.0
007 t|
008 021219s1961 sp ||||1| spa d
080 _a849.91-17(082.2)
245 0 0 _aAntología de poesía festiva alcoyana /
_cRafael Coloma.
260 _aAlcoy :
_b[s.n.,
_c1961] (
_fTip. S.B.A.)
300 _av. ;
_c22 cm.
700 1 _aColoma Payá, Rafael
_9156348
852 _aES-MaACL
_jB-945
999 _c24821
_d24821